000 00410nam a2200169Ia 4500
008 210210b1917 xxu||||| |||| 00| 0 eng d
041 _aeng
082 _a822/223
100 _aBURNAND (F C)
245 _aRecords and reminiscences
260 _aLondon
_bMethuen and Company Limited
_c1917
650 _areminiscences
650 _aRecords
650 _aand
690 _aEnglish Prose
906 _a012410
999 _c131206
_d131206